To the King's most excellent Maiesty. The humble address of the deputy-lieutenants, justices of the peace and military officers of the county of Hereford..

Bibliographic Details
Format: eBook
Language:English
Published: London: : Printed for W. Davies, 1681.
Series:Early English books online.
Subjects:
Online Access:Connect to the full text of this electronic book

MARC

Tag First Indicator Second Indicator Subfields
LEADER 00000nam a2200000 4500
001 in00004192813
005 20200806082535.0
006 m g d
007 cr bn |||a|bb|
008 980924s1681 enk o o00 eng d
035 |a (UnM)99888441 
037 |a CL2105000002  |b ProQuest Information and Learning. 300 N. Zeeb Rd., Ann Arbor, MI 48106 
040 |a Cu-RivES  |c Cu-RivES  |e dcrb 
245 0 0 |a To the King's most excellent Maiesty. The humble address of the deputy-lieutenants, justices of the peace and military officers of the county of Hereford.. 
246 3 |a To the King's most excellent Majesty. The humble address of the deputy-lieutenants, justices of the peace and military officers of the county of Hereford 
260 |a London: :  |b Printed for W. Davies,  |c 1681. 
300 |a 1 online resource (1 sheet (2 pages). 
336 |a text  |b txt  |2 rdacontent 
337 |a computer  |b c  |2 rdamedia 
338 |a online resource  |b cr  |2 rdacarrier 
500 |a At end: "This address was signed by fifty nine deputy-lieutenants, justices of the peace and officers of the militia, chearfully [sic], freely and voluntarily; no person whoever saw it, and to whom it was tendered, regretting or refusing to sign it, except one.". 
500 |a Reproduction of original in the British Library. 
510 4 |a Wing (CD-ROM, 1996)  |c T1505 
510 4 |a Early English books tract supplement interim guide  |c T.3*.[44] 
533 |a Electronic reproduction.  |b Ann Arbor, Mich. :  |c UMI,  |d 1999-  |f (Early English books online)  |n Digital version of: (Early English books; Tract supplement ; F2:2[44])  |7 s1999 miun s 
600 0 0 |a Charles  |b II,  |c King of England,  |d 1630-1685  |v Early works to 1800. 
655 7 |a Broadsides  |z England  |y 17th century.  |2 rbgenr 
651 0 |a England  |x Officials and employees  |v Early works to 1800. 
651 0 |a Great Britain  |x History  |y Charles II, 1660-1685  |v Early works to 1800. 
830 0 |a Early English books online. 
856 4 0 |u http://proxy.library.tamu.edu/login?url=https://search.proquest.com/docview/2240889115  |z Connect to the full text of this electronic book  |t 0 
999 f f |s 79873db9-a3b4-3428-ba75-fb8e5374e811  |i efaf8a49-4798-3d9e-a4f4-2a048e011eaa  |t 0 
952 f f |a Texas A&M University  |b College Station  |c Electronic Resources  |d Available Online  |t 0  |h No information provided 
998 f f |t 0  |l Available Online